| 000 | 01035cam a22002771 4500 | ||
|---|---|---|---|
| 001 | 9844425 | ||
| 005 | 20050507165802.0 | ||
| 008 | 720310s1962 nyu |r 001 0 eng d | ||
| 010 | _a 62021203 | ||
| 035 | _a(OCoLC)260612 | ||
| 040 |
_aDLC _cOYU _dOCoLC _dDLC |
||
| 042 | _apremarc | ||
| 050 | 0 | 0 |
_aE183.8.R9 _bA73 |
| 082 |
_a327.73047 _bJEN _222 |
||
| 130 | 0 |
_aAmerican heritage. _910459 |
|
| 245 | 1 | 0 |
_aAmerica and Russia: _bA Century and a Half of Dramatic Encounters/ _cEdited by Oliver Jensen |
| 260 |
_aNew York: _bSimon and Schuster, 1962 _c1962. |
||
| 300 |
_a314 p.; _c22 cm. |
||
| 500 | _aDonated by: Alaa Abdel Ghany | ||
| 500 | _aIncludes index | ||
| 651 | 0 |
_aUnited States _xRelations _zSoviet Union. _910460 |
|
| 651 | 0 |
_aSoviet Union _xRelations _zUnited States. _910461 |
|
| 700 | 1 |
_aJensen, Oliver Ormerod, _d1914- _eed. _910462 |
|
| 942 |
_2ddc _cBB |
||
| 999 |
_c13160 _d13160 |
||